Os Esportes Olímpicos - Statistics

Estatísticas Gerais
  • Esse quiz foi jogado 375 vezes
  • A pontuação média é 21 de 32
Estatísticas das Respostas
Letra Inicial Esporte % Correto
F Futebol
96%
N Natação
94%
V Vôlei
92%
B Basquete
91%
A Atletismo (inclui todas as modalidades)
90%
J Judô
84%
T Tênis
82%
H Hipismo
74%
T Tênis de Mesa
73%
H Handebol
72%
T Tiro
72%
G Ginástica Rítmica
70%
E Esgrima
69%
G Ginástica Artística
69%
V Vela
67%
B Boxe
65%
V Vôlei de Praia
64%
C Ciclismo (BMX, Mountain Bike, Estrada, Pista)
63%
C Canoagem (Velocidade e Slalom)
62%
L Luta (Livre e Greco-Romana)
59%
H Hóquei sobre Grama
58%
T Triatlo
58%
A Arco e Flecha
54%
P Polo Aquático
53%
B Badminton
52%
N Nado Sincronizado
52%
T Taekwondo
52%
R Remo
48%
H Halterofilismo
42%
P Pentatlo Moderno
39%
S Saltos Ornamentais
35%
G/T Ginástica Trampolim
26%
Nenhum quiz correspondente encontrado
Distribuição das Pontuações
Porcentagem de Pessoas com Cada Pontuação
Percentil de Números Respondidos
Sua Pontuação Histórica
Você não jogou esse quiz